00311nam a2200109Ia 4500008004100000041000800041082001700049100001800066245005800084260004000142300001900182241015s9999 xx 000 0 und d aeng a658.3125 SAK aSaks/ Haccoun aManaging Performance Through Training And Development bCengage Learning IndiaaDehlic2019 a492;. P. 25 cm